[Event "57th Biel Festival MTO 2024"]
[White "Harish,Neeraj"]
[Black "Udipi,Kala Kishan"]
[Site "Biel"]
[Round "9.48"]
[Annotator "RC"]
[Result "1-0"]
[Date "2024.07.24"]
[WhiteElo "2123"]
[BlackElo "2051"]
[PlyCount "117"]

1. c4 g6 2. Nf3 Bg7 3. g3 Nf6 4. Bg2 c6 5. b3 d5 6. Bb2 dxc4 7. bxc4 Qb6 8. Qb3 Nbd7 9. d4 Qa5+ 10. Nc3 Ne4 11. O-O Ndc5 12. Qc2 Nxc3 13. Bxc3 Qa4 14. Qxa4 Nxa4 15. Bd2 Nb6 16. Rfc1 Bg4 17. Rab1 O-O-O 18. e3 Bf5 19. Rb3 Nxc4 20. Rxc4 Be6 21. Ra4 Bxb3 22. axb3 e5 23. Rxa7 exd4 24. exd4 Kb8 25. Ra1 Rhe8 26. Bf4+ Kc8 27. Bh3+ f5 28. g4 Bxd4 29. Ra8+ Kd7 30. Rxd8+ Kxd8 31. Nxd4 Re1+ 32. Kg2 Re4 33. Ne6+ Rxe6 34. gxf5 Re4 35. fxg6 hxg6 36. Kf3 Re1 37. Be3 Rh1 38. Be6 Ke7 39. Bc8 b5 40. Kg2 Rb1 41. Bc5+ Kd8 42. Be6 Re1 43. Bf7 Re5 44. b4 Rg5+ 45. Kh3 Kd7 46. f4 Rf5 47. Bxg6 Rxf4 48. Kg3 Rf6 49. Be4 Ke8 50. h4 Kf7 51. Kg4 Re6 52. Bf5 Rh6 53. Kg5 Rh8 54. h5 Rg8+ 55. Bg6+ Ke6 56. h6 Rd8 57. h7 Ke5 58. Kh6 Kf6 59. Bd4+ 1-0

[Event "57th Biel Festival MTO 2024"]
[White "Saine,Zachary"]
[Black "Tarini Goyal"]
[Site "Biel"]
[Round "9.49"]
[Annotator "RC"]
[Result "0-1"]
[Date "2024.07.24"]
[WhiteElo "2035"]
[BlackElo "2079"]
[PlyCount "62"]

1. e4 c6 2. d4 d5 3. exd5 cxd5 4. Bd3 Nc6 5. c3 Qc7 6. h3 e6 7. Nf3 Bd6 8. O-O Nge7 9. Re1 f6 10. Qc2 Bd7 11. b4 g6 12. Bh6 Rg8 13. a4 Nf5 14. Bxf5 gxf5 15. Qxf5 O-O-O 16. Qh5 Ne7 17. Nh4 Ng6 18. Nd2 Kb8 19. Rec1 Nxh4 20. Qxh4 Rg6 21. Nf1 Rdg8 22. g3 f5 23. Kh1 f4 24. Ra2 Ka8 25. Re2 Bxa4 26. g4 Be7 27. g5 Bxg5 28. Bxg5 Rxg5 29. Nh2 Qg7 30. Nf3 Rh5 31. Rg1 Qxg1+ 0-1

[Event "57th Biel Festival MTO 2024"]
[White "Haugner,Jan"]
[Black "Udelnov,Valentin"]
[Site "Biel"]
[Round "9.50"]
[Annotator "RC"]
[Result "1-0"]
[Date "2024.07.24"]
[WhiteElo "2072"]
[BlackElo "1965"]
[PlyCount "77"]

1. e4 e5 2. Nf3 Nc6 3. Nc3 Nf6 4. Bb5 Nd4 5. O-O c6 6. Bd3 Nxf3+ 7. Qxf3 d6 8. Be2 g6 9. Qg3 h5 10. h3 h4 11. Qh2 Bh6 12. d3 Bxc1 13. Raxc1 g5 14. Nd1 Qa5 15. c3 Be6 16. Ne3 O-O-O 17. Bg4 Nxg4 18. hxg4 Qxa2 19. d4 f6 20. Ra1 Qb3 21. Qh3 Rhf8 22. Rfb1 Kb8 23. Ra3 Qb5 24. Rba1 exd4 25. cxd4 Qxb2 26. d5 cxd5 27. exd5 Rc8 28. Nd1 Rc1 29. Qe3 Rxd1+ 30. Rxd1 Bxg4 31. Qxa7+ Kc7 32. Qa5+ Kb8 33. Rda1 Rc8 34. Qa7+ Kc7 35. Qe3 Qe5 36. Qb3 h3 37. Qc4+ Kd8 38. Qxg4 Qxd5 39. Qxh3 1-0

[Event "57th Biel Festival MTO 2024"]
[White "Chen,Muxi"]
[Black "Panda,Barnabas"]
[Site "Biel"]
[Round "9.51"]
[Annotator "RC"]
[Result "1/2-1/2"]
[Date "2024.07.24"]
[WhiteElo "1954"]
[BlackElo "2074"]
[PlyCount "119"]

1. e4 c5 2. Nf3 d6 3. d4 cxd4 4. Nxd4 Nf6 5. Nc3 Nc6 6. Bc4 e6 7. Be3 Qc7 8. Qe2 a6 9. Nxc6 Qxc6 10. Bd3 Be7 11. O-O-O O-O 12. f4 Qc7 13. Bd2 e5 14. f5 b5 15. a3 Bb7 16. Rhe1 Rfe8 17. g4 Rac8 18. g5 Nd7 19. Kb1 Bf8 20. Qg4 Nc5 21. Rc1 Nxd3 22. cxd3 Qb6 23. Re3 d5 24. Nxd5 Rxc1+ 25. Bxc1 Bxd5 26. exd5 Rc8 27. Re1 Qf2 28. Qe4 Qxh2 29. Re2 Qg1 30. Re1 Qg3 31. Qxe5 Qxd3+ 32. Ka1 Rd8 33. g6 hxg6 34. fxg6 Qxg6 35. Rh1 a5 36. Qh2 f6 37. Qe2 Qf7 38. Qxb5 Qxd5 39. Rh5 Qxb5 40. Rxb5 a4 41. b4 axb3 42. Kb2 Rd3 43. Rxb3 Rxb3+ 44. Kxb3 Bc5 45. a4 Kf7 46. Kc4 Bf2 47. a5 Ke6 48. a6 Kd6 49. Ba3+ Kc6 50. Bb2 Kb6 51. Kd5 Kxa6 52. Ke6 Bh4 53. Kf7 f5 54. Bc1 g5 55. Kg6 f4 56. Kf5 f3 57. Be3 Kb5 58. Kg4 f2 59. Bxf2 Bxf2 60. Kxg5 1/2-1/2

[Event "57th Biel Festival MTO 2024"]
[White "Khulan,Enkhsaikhan"]
[Black "Monteverde,Jonathan"]
[Site "Biel"]
[Round "9.52"]
[Annotator "RC"]
[Result "0-1"]
[Date "2024.07.24"]
[WhiteElo "2063"]
[BlackElo "2052"]
[PlyCount "90"]

1. c4 c5 2. Nf3 g6 3. Nc3 Bg7 4. g3 Nc6 5. Bg2 d6 6. O-O e5 7. d3 Nge7 8. Nd5 Nxd5 9. cxd5 Nd4 10. Nxd4 exd4 11. e4 dxe3 12. fxe3 O-O 13. Rb1 b5 14. b4 cxb4 15. Rxb4 Bd7 16. Bb2 Qg5 17. Qf3 Bxb2 18. Rxb2 Rae8 19. e4 f5 20. Rbf2 a5 21. h4 Qe7 22. Qe3 fxe4 23. dxe4 Rxf2 24. Rxf2 Rf8 25. Rxf8+ Kxf8 26. h5 gxh5 27. Qh6+ Kg8 28. Qxh5 Qf6 29. Qe2 Qg5 30. Qf2 a4 31. Qa7 Be8 32. Qb8 Qe5 33. a3 Kg7 34. Qc7+ Bf7 35. Qd7 Qxg3 36. Qxb5 Qxa3 37. Kh2 Qa1 38. Qd7 Qe5+ 39. Kg1 a3 40. Qg4+ Bg6 41. Qd7+ Bf7 42. Qg4+ Kh8 43. Qc8+ Bg8 44. Qa6 Qb2 45. e5 a2 0-1

[Event "57th Biel Festival MTO 2024"]
[White "Hornung,Hans"]
[Black "Selinga,Jan"]
[Site "Biel"]
[Round "9.53"]
[Annotator "ChessBase"]
[Result "1/2-1/2"]
[Date "2024.07.24"]
[WhiteElo "2009"]
[BlackElo "2023"]
[PlyCount "124"]

1. Nf3 c6 2. c4 d5 3. e3 Nf6 4. Nc3 g6 5. d4 Bg7 6. Be2 dxc4 7. Bxc4 b5 8. Bb3 O-O 9. O-O a5 10. a3 Bb7 11. Re1 e6 12. e4 h6 13. Bf4 Na6 14. Qd2 Kh7 15. Rad1 Qb6 16. e5 Nd7 17. h4 c5 18. d5 Rad8 19. Qe3 c4 20. Bc2 Qxe3 21. fxe3 b4 22. dxe6 Bxf3 23. Rxd7 fxe6 24. Rxd8 Rxd8 25. gxf3 bxc3 26. bxc3 Rd2 27. Be4 Nc5 28. Rb1 Bf8 29. Rb8 Be7 30. h5 Nxe4 31. fxe4 Rd7 32. hxg6+ Kxg6 33. a4 Rd3 34. Rb6 Kf7 35. Rb7 Rxc3 36. Bxh6 Ke8 37. Kf2 Rb3 38. Rc7 c3 39. Ke2 Kd8 40. Rc4 Bb4 41. Bg5+ Kd7 42. Bh4 Rb2+ 43. Kd1 Rd2+ 44. Kc1 Ba3+ 45. Kb1 Rb2+ 46. Ka1 c2 47. Be7 Kxe7 48. Rc7+ Kd8 49. Rc8+ Ke7 50. Rc7+ Kf8 51. Rc8+ Kg7 52. Rc7+ Kh8 53. Rc8+ Kh7 54. Rc7+ Kh6 55. Rh7+ Kg5 56. Rg7+ Kh4 57. Rg4+ Kh3 58. Rg3+ Kh2 59. Rg2+ Kh1 60. Rg1+ Kh2 61. Rg2+ Kh3 62. Rg3+ Kxg3 1/2-1/2

[Event "57th Biel Festival MTO 2024"]
[White "Matsumura,Cocoro"]
[Black "Pinelli,Gian"]
[Site "Biel"]
[Round "9.54"]
[Annotator "RC"]
[Result "1-0"]
[Date "2024.07.24"]
[WhiteElo "2032"]
[BlackElo "1874"]
[PlyCount "67"]

1. e4 c6 2. d4 d5 3. e5 c5 4. dxc5 e6 5. Bd3 Nd7 6. Nf3 Bxc5 7. a3 a5 8. O-O Ne7 9. c4 dxc4 10. Bxc4 O-O 11. Nc3 Ng6 12. Qe2 Qc7 13. Re1 Nb6 14. Bd3 Bd7 15. h4 Bc6 16. Ng5 h6 17. Nge4 Bd4 18. Bxh6 gxh6 19. Nf6+ Kg7 20. Nh5+ Kh7 21. Nf4 Nd7 22. h5 Ndxe5 23. Be4 Bxe4 24. Qxe4 Qb6 25. Re2 Rad8 26. Rae1 Kg7 27. hxg6 fxg6 28. Rd1 Kf6 29. Nfd5+ Rxd5 30. Nxd5+ exd5 31. Qf4+ Kg7 32. Qxd4 Qxd4 33. Rxd4 Re8 34. Rxd5 1-0

[Event "57th Biel Festival MTO 2024"]
[White "Cordes,Jule"]
[Black "Woltery,Nicolai"]
[Site "Biel"]
[Round "9.55"]
[Annotator "RC"]
[Result "1/2-1/2"]
[Date "2024.07.24"]
[WhiteElo "1900"]
[BlackElo "2016"]
[PlyCount "96"]

1. d4 Nf6 2. c4 c5 3. d5 b5 4. cxb5 a6 5. f3 d6 6. e4 g6 7. Na3 Bg7 8. Ne2 O-O 9. Nc3 axb5 10. Naxb5 Ne8 11. Be2 Ba6 12. O-O Nc7 13. a4 Bxb5 14. Nxb5 Nca6 15. Qb3 Nb4 16. Bd2 N8a6 17. Bc3 Qa5 18. f4 Nc7 19. Bc4 Nxb5 20. Bxb5 Bxc3 21. Qxc3 Qb6 22. Bc4 Na6 23. b3 Nb8 24. Qg3 Nd7 25. Rae1 Qc7 26. h4 Kh8 27. Qc3+ f6 28. Rf3 Qa5 29. Qc1 Nb6 30. Bd3 c4 31. bxc4 Qc5+ 32. Kh2 Rxa4 33. h5 Kg7 34. Rh3 Nxc4 35. Bxc4 Rxc4 36. Qd1 Qf2 37. Rf1 Qd4 38. Qxd4 Rxd4 39. Re1 Rf7 40. hxg6 hxg6 41. Kg3 Rf8 42. Kh2 Ra8 43. Rhe3 Ra2 44. R1e2 Ra1 45. Kg3 Raa4 46. Kh2 Kf7 47. g4 g5 48. fxg5 fxg5 1/2-1/2

[Event "57th Biel Festival MTO 2024"]
[White "Hartmann,Wolfgang"]
[Black "Malli,Shiivesh Sunil"]
[Site "Biel"]
[Round "9.56"]
[Annotator "RC"]
[Result "1/2-1/2"]
[Date "2024.07.24"]
[WhiteElo "1983"]
[BlackElo "1916"]
[PlyCount "125"]

1. c4 c6 2. g3 d5 3. Bg2 e5 4. Qc2 Nf6 5. d3 Bb4+ 6. Bd2 Bxd2+ 7. Nxd2 O-O 8. Ngf3 Re8 9. O-O e4 10. dxe4 dxe4 11. Ng5 e3 12. fxe3 Nbd7 13. Nde4 h6 14. Nxf6+ Nxf6 15. Ne4 Nxe4 16. Bxe4 Qe7 17. Rf4 g5 18. Bh7+ Kg7 19. Re4 Be6 20. Rf1 Qc5 21. b4 Qxb4 22. c5 Qa3 23. Rf3 Qxa2 24. Ra4 Qxc2 25. Bxc2 Red8 26. e4 Rd2 27. Bd3 Rd1+ 28. Rf1 Rxf1+ 29. Kxf1 Kf6 30. Kf2 Ke5 31. Ke3 a5 32. Bc2 f5 33. Kd3 fxe4+ 34. Rxe4+ Kf6 35. Ra4 Bh3 36. Kc3 Ke5 37. Re4+ Kd5 38. Rc4 Bg2 39. e4+ Ke5 40. Ra4 Bf1 41. Ra1 Bb5 42. h4 gxh4 43. gxh4 a4 44. Ra2 a3 45. Kb4 Kd4 46. e5 Kxe5 47. Rxa3 Rxa3 48. Kxa3 Kf4 49. Bd1 Bd3 50. Kb4 Ke5 51. Ka5 Bg6 52. Kb6 Kd4 53. h5 Be8 54. Bg4 Kd5 55. Bf3+ Kd4 56. Bg4 Kc4 57. Bc8 Bxh5 58. Bxb7 Kd5 59. Bxc6+ Ke6 60. Bg2 Be8 61. Bh3+ Ke7 62. c6 Bxc6 63. Kxc6 1/2-1/2

[Event "57th Biel Festival MTO 2024"]
[White "Vemparala,Nikash"]
[Black "Kheerthi Ganta"]
[Site "Biel"]
[Round "9.57"]
[Annotator "RC"]
[Result "1/2-1/2"]
[Date "2024.07.24"]
[WhiteElo "2170"]
[BlackElo "1987"]
[PlyCount "133"]

1. e4 e5 2. Nf3 Nc6 3. Bc4 Nf6 4. d3 h6 5. O-O d6 6. Re1 g5 7. Nc3 Bg7 8. a4 a5 9. Be3 Be6 10. Bxe6 fxe6 11. d4 g4 12. dxe5 gxf3 13. exf6 Qxf6 14. Qxf3 Qxf3 15. gxf3 Bxc3 16. bxc3 Ne5 17. Reb1 O-O-O 18. f4 Rdg8+ 19. Kf1 Ng4 20. Ke2 Nxe3 21. Kxe3 Rg2 22. Rh1 Rhg8 23. Rab1 c6 24. Kf3 h5 25. h3 h4 26. c4 R8g7 27. Rb3 R2g6 28. Rd3 Kc7 29. Rhd1 e5 30. f5 Rf6 31. Ke3 Rg2 32. Kf3 Rg7 33. R3d2 Rg5 34. Ke2 Rg2 35. Kf1 Rg7 36. Rd3 Rg5 37. Rb3 Rg7 38. Ke2 Rf8 39. Rdb1 Kc8 40. c5 d5 41. exd5 cxd5 42. c6 Rxf5 43. cxb7+ Kb8 44. Rf3 Rxf3 45. Kxf3 e4+ 46. Ke3 Rf7 47. Rb5 Rf3+ 48. Ke2 Rxh3 49. Rxd5 Rc3 50. Rxa5 Rxc2+ 51. Ke3 Ra2 52. Rh5 Rxa4 53. Rxh4 Ra3+ 54. Ke2 Ra2+ 55. Kf1 e3 56. fxe3 Kxb7 57. Rc4 Kb6 58. Ke1 Kb5 59. Rc8 Rh2 60. Kd1 Kb6 61. Ke1 Kb5 62. Kf1 Kb6 63. e4 Rh4 64. Re8 Kc6 65. Kf2 Kd7 66. Re5 Rh3 67. Ra5 1/2-1/2

[Event "57th Biel Festival MTO 2024"]
[White "Pouly,Ivan"]
[Black "Malli,Suvirr"]
[Site "Biel"]
[Round "9.58"]
[Annotator "RC"]
[Result "1/2-1/2"]
[Date "2024.07.24"]
[WhiteElo "1958"]
[BlackElo "2147"]
[PlyCount "220"]

1. d4 d5 2. c4 c6 3. e3 Nf6 4. Nc3 e6 5. Nf3 Nbd7 6. a4 Bd6 7. Bd3 O-O 8. O-O Qe7 9. e4 dxc4 10. Bxc4 e5 11. d5 Nb6 12. Bb3 cxd5 13. exd5 Bg4 14. Bg5 e4 15. Re1 Bxf3 16. gxf3 Qe5 17. f4 Qf5 18. Bxf6 Qxf4 19. Qh5 Qxf6 20. Rxe4 Qg6+ 21. Qxg6 hxg6 22. Rae1 a6 23. a5 Nd7 24. Na4 Nf6 25. Rc4 Rae8 26. Rxe8 Rxe8 27. Nb6 Re2 28. Rc8+ Kh7 29. Nc4 Bf4 30. d6 Re4 31. Rc7 Rd4 32. Rxb7 Bxd6 33. Nxd6 Rxd6 34. Bxf7 Rd2 35. b4 Nh5 36. Rb6 Nf4 37. h4 Kh6 38. Kh2 Rd3 39. Rxa6 Kh5 40. Rc6 Kxh4 41. Bxg6 Rh3+ 42. Kg1 Ra3 43. Rc4 Kg4 44. Be8 g5 45. Bd7+ Kf3 46. Bc6+ Kg4 47. Bb7 Kh3 48. Bc8+ g4 49. Bxg4+ Kxg4 50. Kh2 Ra2 51. Kg1 Ra4 52. Kh2 Kf3 53. Rc3+ Kxf2 54. Rb3 Nd5 55. Rb2+ Kf3 56. Rb3+ Kf4 57. Kg2 Nxb4 58. Kf2 Ra2+ 59. Ke1 Nc6 60. a6 Rxa6 61. Kd2 Nd4 62. Rb4 Ke4 63. Kc3 Ra3+ 64. Kc4 Nc6 65. Rb1 Ne5+ 66. Kc5 Rc3+ 67. Kd6 Rc6+ 68. Ke7 Nd3 69. Kd7 Rh6 70. Rd1 Nc5+ 71. Ke7 Ke5 72. Re1+ Ne4 73. Kd7 Rd6+ 74. Kc7 Rd4 75. Kc6 Rc4+ 76. Kd7 Rc3 77. Re2 Kd5 78. Re1 Rc2 79. Rd1+ Ke5 80. Re1 Rh2 81. Kc6 Rh6+ 82. Kd7 Ra6 83. Kc7 Ra4 84. Kc6 Rd4 85. Re2 Ke6 86. Re1 Rb4 87. Rd1 Rc4+ 88. Kb5 Rc2 89. Re1 Kd5 90. Rd1+ Nd2 91. Kb4 Rc4+ 92. Kb5 Rd4 93. Rh1 Nc4 94. Rh5+ Ne5 95. Rg5 Rd1 96. Kb4 Kd4 97. Kb3 Rb1+ 98. Kc2 Rb5 99. Rg8 Rc5+ 100. Kd2 Ke4 101. Re8 Kd4 102. Rd8+ Ke4 103. Re8 Kf3 104. Rf8+ Kg3 105. Ke3 Ng4+ 106. Kd4 Rc7 107. Rg8 Kf4 108. Rf8+ Kg5 109. Rg8+ Kf5 110. Rf8+ Nf6 1/2-1/2

[Event "57th Biel Festival MTO 2024"]
[White "Mendonca,Leon Luke"]
[Black "Ayush Sharma"]
[Site "Biel"]
[Round "10.1"]
[Annotator "TA"]
[Result "1/2-1/2"]
[Date "2024.07.25"]
[WhiteElo "2634"]
[BlackElo "2325"]
[PlyCount "33"]

1. d4 Nf6 2. c4 e6 3. Bf4 b6 4. a3 Bb7 5. Nc3 d5 6. cxd5 Nxd5 7. Nxd5 Qxd5 8. e3 Bd6 9. Ne2 O-O 10. Nc3 Qc6 11. Bg3 Qd7 12. Rc1 Qe7 13. Bxd6 cxd6 14. d5 Nd7 15. Be2 Nf6 16. Bf3 exd5 17. Nxd5 1/2-1/2

[Event "57th Biel Festival MTO 2024"]
[White "Gan-Erdene,Sugar"]
[Black "Aryan Chopra"]
[Site "Biel"]
[Round "10.2"]
[Annotator "TA"]
[Result "1/2-1/2"]
[Date "2024.07.25"]
[WhiteElo "2424"]
[BlackElo "2631"]
[PlyCount "79"]

1. e4 c5 2. Nf3 e6 3. d4 cxd4 4. Nxd4 Nc6 5. Nc3 Qc7 6. Be3 a6 7. Qd2 Nf6 8. f4 b5 9. e5 Ng4 10. Bg1 Nxd4 11. Bxd4 Bb7 12. O-O-O Be7 13. Bd3 O-O 14. h3 Nh6 15. Rhg1 f5 16. Kb1 Bc5 17. Be2 Rad8 18. Bxc5 Qxc5 19. Qd4 Qc7 20. a4 bxa4 21. Nxa4 Rc8 22. Rd2 Bc6 23. Bf3 Bb5 24. Nc3 Qa5 25. Nxb5 axb5 26. Rd3 b4 27. Rb3 Rb8 28. Rd1 Nf7 29. c3 bxc3 30. Qxc3 Qxc3 31. Rxc3 Rfd8 32. Rcd3 g5 33. Bh5 gxf4 34. Bxf7+ Kxf7 35. Rxd7+ Rxd7 36. Rxd7+ Kg6 37. Rd6 Kf7 38. Rd7+ Kg6 39. Rd6 Kf7 40. Rd7+ 1/2-1/2

[Event "57th Biel Festival MTO 2024"]
[White "Nesterov,Arseniy"]
[Black "Xue,Haowen"]
[Site "Biel"]
[Round "10.3"]
[Annotator "TA"]
[Result "1/2-1/2"]
[Date "2024.07.25"]
[WhiteElo "2609"]
[BlackElo "2452"]
[PlyCount "47"]

1. d4 Nf6 2. c4 e6 3. g3 d5 4. Bg2 dxc4 5. Nf3 Bb4+ 6. Bd2 a5 7. Qc2 b6 8. O-O Bb7 9. Bxb4 axb4 10. Qxc4 Nc6 11. Ne5 Nxe5 12. Qb5+ Qd7 13. Qxd7+ Nfxd7 14. Bxb7 Ra7 15. Bg2 Nc4 16. Rc1 Nxb2 17. Nd2 c5 18. dxc5 bxc5 19. Rcb1 Na4 20. a3 Nab6 21. axb4 Rxa1 22. Rxa1 cxb4 23. Rb1 Ke7 24. Rxb4 1/2-1/2

[Event "57th Biel Festival MTO 2024"]
[White "Tahay,Alexis"]
[Black "Jumabayev,Rinat"]
[Site "Biel"]
[Round "10.4"]
[Annotator "TA"]
[Result "0-1"]
[Date "2024.07.25"]
[WhiteElo "2375"]
[BlackElo "2575"]
[PlyCount "116"]

1. e4 e5 2. Nf3 Nc6 3. Bb5 a6 4. Ba4 Nf6 5. O-O Be7 6. d3 d6 7. c3 O-O 8. Nbd2 Re8 9. Re1 Bf8 10. h3 h6 11. Nf1 b5 12. Bc2 a5 13. Ng3 a4 14. Be3 d5 15. d4 exd4 16. Nxd4 Nxd4 17. Bxd4 Nxe4 18. Nxe4 dxe4 19. Rxe4 c5 20. Rxe8 Qxe8 21. Be3 a3 22. b3 Qc6 23. Qd3 g6 24. Qe4 Bb7 25. Qxc6 Bxc6 26. Rd1 Rc8 27. c4 b4 28. g4 Kg7 29. Kh2 Be7 30. Kg3 Rh8 31. h4 h5 32. g5 Re8 33. f3 f6 34. Be4 Bxe4 35. fxe4 fxg5 36. hxg5 Kf7 37. Rd5 Rc8 38. Kf4 Ke6 39. Re5+ Kd7 40. Rd5+ Ke6 41. Re5+ Kd7 42. Rd5+ Kc6 43. e5 Rf8+ 44. Ke4 Rf1 45. e6 Bd6 46. e7 Bxe7 47. Re5 Bd6 48. Re6 h4 49. Rxg6 h3 50. Rh6 h2 51. g6 Rf6 52. Rxh2 Bxh2 53. g7 Re6+ 54. Kf5 Re8 55. Bg5 Be5 56. Bf6 Bc3 57. Kg6 Kd7 58. Kf7 Bb2 0-1

[Event "57th Biel Festival MTO 2024"]
[White "Madaminov,Mukhiddin"]
[Black "Fromm,Marius"]
[Site "Biel"]
[Round "10.5"]
[Annotator "TA"]
[Result "1-0"]
[Date "2024.07.25"]
[WhiteElo "2517"]
[BlackElo "2465"]
[PlyCount "123"]

1. e4 c5 2. Nf3 d6 3. Bb5+ Bd7 4. Bxd7+ Qxd7 5. c4 Nc6 6. Nc3 Nf6 7. d4 cxd4 8. Nxd4 g6 9. f3 Bg7 10. Be3 O-O 11. O-O a6 12. Qd3 Ne5 13. Qe2 Rac8 14. b3 b5 15. Nd5 Nxd5 16. cxd5 e6 17. dxe6 fxe6 18. Qd2 Nc6 19. Rad1 Nxd4 20. Bxd4 Rc6 21. Kh1 Bxd4 22. Qxd4 Qg7 23. Qe3 g5 24. Rc1 Rfc8 25. Rxc6 Rxc6 26. f4 gxf4 27. Qxf4 Rc2 28. g3 Qe7 29. Qg4+ Kh8 30. Qh5 Rc5 31. Qh6 Kg8 32. Rf4 Re5 33. b4 Rg5 34. Rf6 Re5 35. Rf4 Rg5 36. Rf3 Rg6 37. Qf4 e5 38. Qf5 Kg7 39. Kg2 h6 40. Qc8 Rf6 41. Rxf6 Kxf6 42. Qxa6 Qd7 43. Qa8 Qe6 44. Kf3 h5 45. Ke3 Kg5 46. Qd8+ Kg6 47. h4 Kh7 48. Qc7+ Kh6 49. Qc6 Qg6 50. Kf2 Qf7+ 51. Ke1 Qg6 52. Kf2 Qf7+ 53. Kg1 Qg6 54. Kh2 Qe6 55. Kg1 Qg6 56. Qc1+ Kh7 57. Qe3 d5 58. exd5 Qb1+ 59. Kf2 Qxa2+ 60. Kf3 Qa1 61. Ke4 Qb1+ 62. Kxe5 1-0

[Event "57th Biel Festival MTO 2024"]
[White "Sasikiran,Krishnan"]
[Black "Saraci,Nderim"]
[Site "Biel"]
[Round "10.6"]
[Annotator "TA"]
[Result "1-0"]
[Date "2024.07.25"]
[WhiteElo "2581"]
[BlackElo "2449"]
[PlyCount "79"]

1. d4 Nf6 2. c4 g6 3. Nf3 Bg7 4. g3 O-O 5. Bg2 c6 6. O-O d5 7. Qb3 a5 8. Na3 a4 9. Qb4 dxc4 10. Nxc4 Nd5 11. Qd2 Bf5 12. Nfe5 Nf6 13. Rd1 Nbd7 14. Nxd7 Bxd7 15. Qc2 Ne8 16. e4 Bg4 17. Rd3 Bxd4 18. Ne5 Nf6 19. h3 Be6 20. Nf3 c5 21. Bh6 Re8 22. Nxd4 cxd4 23. e5 Bf5 24. exf6 e5 25. Re1 Bxd3 26. Qxd3 Qxf6 27. h4 Qa6 28. Qd2 Rac8 29. Be4 Qe6 30. Qb4 Qxa2 31. Qxb7 Rb8 32. Qa6 Qe6 33. Qxa4 Rxb2 34. Bd5 Qe7 35. Bg5 Qf8 36. Rc1 d3 37. Bh6 Rb4 38. Qd7 d2 39. Rd1 Rd8 40. Bxf7+ 1-0

[Event "57th Biel Festival MTO 2024"]
[White "Gavrilescu,David"]
[Black "Bilguun,Sumiya"]
[Site "Biel"]
[Round "10.7"]
[Annotator "TA"]
[Result "1/2-1/2"]
[Date "2024.07.25"]
[WhiteElo "2538"]
[BlackElo "2466"]
[PlyCount "80"]

1. e4 c5 2. Nf3 d6 3. d4 cxd4 4. Nxd4 Nf6 5. Nc3 a6 6. Bc4 e6 7. Be3 Bd7 8. Bb3 Nc6 9. Qe2 Rc8 10. f3 Be7 11. g4 b5 12. a3 Na5 13. O-O Nxb3 14. cxb3 O-O 15. Rac1 g6 16. b4 e5 17. Nb3 Be6 18. Na5 d5 19. exd5 Nxd5 20. Rfd1 Bh4 21. Nb7 Qe7 22. Nxd5 Qxb7 23. Rxc8 Rxc8 24. Nc3 Bc4 25. Qg2 Rd8 26. Rxd8+ Bxd8 27. Qd2 Be7 28. Kg2 Qc6 29. g5 Be6 30. Kg3 h6 31. h4 hxg5 32. hxg5 Qc4 33. Ne4 Qf1 34. Bc5 Qh3+ 35. Kf2 Qh2+ 36. Ke1 Qh1+ 37. Kf2 Qh2+ 38. Ke1 Qh4+ 39. Kf1 Qh1+ 40. Kf2 Qh2+ 1/2-1/2

[Event "57th Biel Festival MTO 2024"]
[White "Ansat,Aldiyar"]
[Black "Assaubayeva,Bibisara"]
[Site "Biel"]
[Round "10.8"]
[Annotator "RC"]
[Result "1-0"]
[Date "2024.07.25"]
[WhiteElo "2437"]
[BlackElo "2472"]
[PlyCount "103"]

1. e4 e5 2. Nf3 Nc6 3. Bb5 a6 4. Ba4 b5 5. Bb3 Na5 6. Nc3 d6 7. d4 exd4 8. Qxd4 Bb7 9. Bg5 Nxb3 10. axb3 f6 11. Be3 Ne7 12. h4 Nc6 13. Qd2 Qd7 14. h5 f5 15. O-O-O O-O-O 16. h6 Rg8 17. Bg5 Be7 18. exf5 Bxg5 19. Nxg5 Qxf5 20. f4 Nb4 21. Ne2 c5 22. Ng3 Qg4 23. Nh5 gxh6 24. Nf6 Qxg2 25. Qxg2 Bxg2 26. Nxg8 Bxh1 27. Nxh6 Bd5 28. f5 Rf8 29. Rf1 Nc6 30. f6 Nd8 31. f7 Kd7 32. Nxh7 Rxf7 33. Nxf7 Bxf7 34. Nf6+ Kc6 35. Kd2 Nb7 36. Re1 a5 37. Re7 Bg6 38. c4 bxc4 39. bxc4 Bf5 40. Kc3 Nd8 41. Nd5 Bd7 42. Kb3 Ne6 43. Ka4 Nf8 44. Kxa5 Ng6 45. Rg7 Ne5 46. b3 Kb7 47. Nb6 Kc6 48. Ka6 Be6 49. Re7 Bf5 50. Nd5 Bd7 51. Ka7 Nf3 52. Nf6 1-0

[Event "57th Biel Festival MTO 2024"]
[White "Dotzer,Lukas"]
[Black "Razafindratsima,Timothe"]
[Site "Biel"]
[Round "10.9"]
[Annotator "TA"]
[Result "1/2-1/2"]
[Date "2024.07.25"]
[WhiteElo "2369"]
[BlackElo "2445"]
[PlyCount "114"]

1. e4 e5 2. Nf3 Nf6 3. Nxe5 d6 4. Nf3 Nxe4 5. d4 d5 6. Bd3 Be7 7. O-O Nc6 8. c4 Nb4 9. Be2 O-O 10. Nc3 Bf5 11. cxd5 Nxd5 12. Qb3 Ndxc3 13. bxc3 c5 14. Bf4 Qb6 15. Rac1 Bd6 16. Bxd6 Nxd6 17. Rfd1 Rfd8 18. Qxb6 axb6 19. dxc5 bxc5 20. Rd5 Rxa2 21. Bc4 Rb2 22. Rcd1 Rb1 23. Rxb1 Bxb1 24. Nd2 Bf5 25. Bf1 Be6 26. Rxc5 Nf5 27. Ne4 Rd1 28. Ng3 Nd6 29. f3 f5 30. Kf2 Kf7 31. Rc7+ Kf6 32. Nh5+ Kg5 33. Nxg7 Bf7 34. Be2 Rd2 35. Ke3 Rb2 36. f4+ Kg6 37. Nh5 Ne4 38. g4 Nd6 39. Ng3 fxg4 40. Bxg4 Rxh2 41. Ne4 Nxe4 42. Kxe4 Rb2 43. Bf5+ Kf6 44. Bxh7 b5 45. Rc6+ Kg7 46. Bf5 b4 47. cxb4 Rxb4+ 48. Ke3 Rb3+ 49. Bd3 Be8 50. Rc5 Rb6 51. f5 Kf6 52. Kf4 Rb4+ 53. Be4 Bd7 54. Rd5 Rxe4+ 55. Kxe4 Bc6 56. Kd4 Bxd5 57. Kxd5 Kxf5 1/2-1/2

[Event "57th Biel Festival MTO 2024"]
[White "Ganguly,Surya Shekhar"]
[Black "Amartuvshin,Ganzorig"]
[Site "Biel"]
[Round "10.10"]
[Annotator "TA"]
[Result "1-0"]
[Date "2024.07.25"]
[WhiteElo "2575"]
[BlackElo "2411"]
[PlyCount "55"]

1. e4 c5 2. Nf3 e6 3. d4 cxd4 4. Nxd4 Nc6 5. Nc3 Qc7 6. Be3 a6 7. Qf3 h5 8. Nxc6 bxc6 9. Qg3 Qxg3 10. hxg3 d5 11. O-O-O Nf6 12. f3 Bb7 13. g4 Be7 14. Be2 O-O-O 15. g5 Nd7 16. f4 g6 17. Bf3 a5 18. Rhe1 Rhe8 19. a3 Kc7 20. Na4 Ba6 21. Bd2 Ra8 22. Bxa5+ Kb7 23. exd5 exd5 24. Rxd5 cxd5 25. Bxd5+ Ka7 26. Bxa8 Kxa8 27. Bb4 Bb5 28. b3 1-0

[Event "57th Biel Festival MTO 2024"]
[White "Juksta,Karolis"]
[Black "Sethuraman,S.P."]
[Site "Biel"]
[Round "10.11"]
[Annotator "TA"]
[Result "1/2-1/2"]
[Date "2024.07.25"]
[WhiteElo "2400"]
[BlackElo "2587"]
[PlyCount "60"]

1. d4 Nf6 2. c4 e6 3. Nf3 d5 4. Nc3 Nbd7 5. Qc2 Bb4 6. g3 dxc4 7. Bg2 Rb8 8. O-O a6 9. Rd1 O-O 10. a4 b5 11. axb5 axb5 12. Ne5 Nxe5 13. dxe5 Nd7 14. Be3 Bb7 15. Bxb7 Rxb7 16. Qe4 c6 17. Qxc6 Qc8 18. Qxc8 Rxc8 19. Nxb5 Nxe5 20. Na7 Re8 21. Bd4 Bd6 22. Ra6 Bc7 23. Nc6 Nxc6 24. Rxc6 Rd8 25. Rxc4 e5 26. Rdc1 exd4 27. Rxc7 Rxb2 28. Rd7 Re8 29. Re7 Kf8 30. Rxe8+ Kxe8 1/2-1/2

[Event "57th Biel Festival MTO 2024"]
[White "Harsha Bharathakoti"]
[Black "Kalogridis,Antonios"]
[Site "Biel"]
[Round "10.12"]
[Annotator "TA"]
[Result "1-0"]
[Date "2024.07.25"]
[WhiteElo "2569"]
[BlackElo "2391"]
[PlyCount "137"]

1. d4 Nf6 2. c4 g6 3. Nc3 d5 4. Qb3 dxc4 5. Qxc4 Be6 6. Qb5+ Bd7 7. Qb3 c5 8. d5 b5 9. e4 c4 10. Bxc4 bxc4 11. Qb7 Qb6 12. Qxa8 Ng4 13. Nge2 e5 14. f3 Nf2 15. O-O Nd3+ 16. Kh1 Nxc1 17. Rfxc1 Bg7 18. a4 O-O 19. a5 Qa6 20. Na4 Nc6 21. Nc5 Qb5 22. Qb7 Qxc5 23. dxc6 Bxc6 24. Qb3 Bb5 25. Qa3 Qxa3 26. Rxa3 Rd8 27. Nc3 Bc6 28. Rd1 Rb8 29. Ra2 Bf8 30. Kg1 a6 31. Kf1 Bc5 32. Ke2 Bd4 33. Kd2 f5 34. Kc2 Kf7 35. Re1 Ke6 36. Raa1 h5 37. Re2 h4 38. h3 f4 39. Nd1 Kd6 40. Nc3 Kc5 41. Ree1 Kb4 42. Ra3 Rd8 43. Rd1 Rb8 44. Rda1 Rd8 45. Rd1 Rd7 46. Rd2 g5 47. Ra2 Rb7 48. Ra3 Rd7 49. Kd1 Rb7 50. Rc2 Kc5 51. Na4+ Kb4 52. Nc3 Kc5 53. Kc1 Rb3 54. Nb1 Be3+ 55. Nd2 Rxa3 56. bxa3 Bb5 57. Kb1 c3 58. Rxc3+ Kd6 59. Nc4+ Ke6 60. a4 Bxc4 61. Rxc4 Kd7 62. Kc2 Bf2 63. Rb4 Kc7 64. Kd3 Bc5 65. Rb1 Ba7 66. Kc4 Kc6 67. Rb3 Kd6 68. Rb7 Bf2 69. Rg7 1-0

[Event "57th Biel Festival MTO 2024"]
[White "Hafiz,Arif Abdul"]
[Black "Kobo,Ori"]
[Site "Biel"]
[Round "10.13"]
[Annotator "TA"]
[Result "1/2-1/2"]
[Date "2024.07.25"]
[WhiteElo "2367"]
[BlackElo "2529"]
[PlyCount "108"]

1. e4 c5 2. Nc3 Nc6 3. f4 e6 4. Nf3 d5 5. Bb5 Nge7 6. exd5 exd5 7. Qe2 Bg4 8. O-O Qd6 9. Bxc6+ Qxc6 10. h3 Bxf3 11. Qxf3 d4 12. Ne4 f5 13. Ng5 h6 14. Qxc6+ Nxc6 15. Nf3 Bd6 16. d3 Nb4 17. Rf2 Kd7 18. a3 Nd5 19. Bd2 Rae8 20. Nh4 Rhf8 21. g3 g5 22. Ng2 h5 23. Raf1 g4 24. Re1 Rxe1+ 25. Nxe1 Rg8 26. hxg4 Rxg4 27. Rg2 h4 28. gxh4 Bxf4 29. Rxg4 fxg4 30. Bxf4 Nxf4 31. Ng2 Nh5 32. c3 b5 33. cxd4 cxd4 34. Kf2 Ke6 35. b4 Kf5 36. Ne1 Nf4 37. Kg3 Ne2+ 38. Kf2 Nf4 39. Kg3 Nh5+ 40. Kf2 Ke5 41. Ng2 a6 42. Ne1 Kf4 43. Ng2+ Kf5 44. Ne1 Nf4 45. Kg3 Ne2+ 46. Kf2 Nc1 47. Kg3 Ne2+ 48. Kf2 Nf4 49. Kg3 Nh5+ 50. Kf2 Kf6 51. Nc2 Ke5 52. Ne1 Kf5 53. Nc2 Ke5 54. Ne1 Kf5 1/2-1/2